logo

CUARTELES DE LA GUARDIA CIVIL EN ESPAÑA TOMO I Y II (Record no. 67038)

MARC details
000 -CABECERA
campo de control de longitud fija 00502nam a2200181Ia 4500
001 - NÚMERO DE CONTROL
campo de control 31692
005 - FECHA Y HORA DE LA ÚLTIMA TRANSACCIÓN
campo de control 20260407100253.0
008 - CÓDIGOS DE INFORMACIÓN DE LONGITUD FIJA
campo de control de longitud fija 260115s9999 xx 000 0 und d
010 ## - NÚMERO DE CONTROL DE LA BIBLIOTECA DEL CONGRESO
Número de control de LC 67038
035 ## - NÚMERO DE CONTROL DEL SISTEMA
Número de control de sistema 21472
090 ## - LOCALMENTE ASIGNADO TIPO-LC NÚMERO DE CLASIFICACIÓN (OCLC); NÚMERO DE CLASIFICACIÓN LOCAL (RLIN)
Número de clasificación (OCLC) (R) ; Numero de clasificación CALL (RLIN) (NR) 351:743
100 ## - PUNTO DE ACCESO PRINCIPAL - NOMBRE DE PERSONA
Nombre de persona MARTIN CEJUDO FRANCISCO
245 #0 - MENCIÓN DE TÍTULO
Título CUARTELES DE LA GUARDIA CIVIL EN ESPAÑA TOMO I Y II
260 ## - PUBLICACIÓN, DISTRIBUCIÓN, ETC. (PIE DE IMPRENTA)
Nombre del editor distribuidor etc. DIRECCION GENERAL DE LA GUARDIA CIVIL (ORIS)
Fecha de publicación distribución etc. 1988
630 ## - PUNTO DE ACCESO ADICIONAL DE MATERIA--TÍTULO UNIFORME
Título uniforme GUARDIA CIVIL
650 ## - PUNTO DE ACCESO ADICIONAL DE MATERIA--TÉRMINO DE MATERIA
Término de materia o nombre geográfico como elemento inicial ADMINISTRACION PUBLICA. GUARDIA CIVIL
942 ## - ELEMENTOS DE PUNTO DE ACCESO ADICIONAL (KOHA)
Tipo de ítem Koha Monografías
Holdings
Estado de retiro Estado de pérdida Estado dañado No para préstamo Código de colección Localización permanente Ubicación/localización actual Ubicación en estantería Fecha de adquisición Enumeración/cronología de publicación seriada Número de inventario Número de registro Total de préstamos Signatura topográfica completa Código de barras Fecha visto por última vez Número de copia Precio válido a partir de Tipo de ítem Koha Nota pública
          Servicio de Estudios Históricos Servicio de Estudios Históricos   02/12/2015 351:743 28483 28483   21472 FH_31692 05/02/2026 1 05/02/2026 Monografías DOS CARPETAS ENCUADERNADAS, DONADO RAFA , 19 X 21 CTMS,